00672nab a22001577a 450000100060000000300090000600500170001500800410003204000210007308000120009410001520010624500690025850000260032765000220035377301390037510542KOSZ 00520180427120420.0180427s1985 pl ||||| |||| 00| 0pol  cBPKdKOSZ 005/HR a94(438)1 aPOLAK, Bogusław.d 1979 - 1996.bWyższa Szkoła Inżynierska w Koszalinie - Instytut Zarządzania i Marketingu,c Katedra Nauk Humanistycznych10aKsięga chwały poległych Armii "Poznań" /cBogusław Polak. aDane z kartoteki bpp. 0aArmia "Poznań".0 iW :tNurt : miesięcznik społeczno-kulturalny. -dPoznań : Poznańskie Wydaw. Prasowe "Prasa". -g1985. nr 6, s. 9-13x0137-8880